| 000 | 00472cam a2200181ua 4500 | ||
|---|---|---|---|
| 020 | _c12.60 | ||
| 041 |
_aeng _h |
||
| 082 |
_a361 _bFRI/IN |
||
| 100 | _aFriedlander, Walter A . | ||
| 245 |
_aIntroduction to social welfare / _cWalter A Friedlander. _hTextual Documents |
||
| 250 |
_a2 / _b. |
||
| 260 |
_aNew Delhi : _bPrentice Hall of India Pvt Ltd. , _c1961. |
||
| 300 | _a584 ; . | ||
| 365 | _a12.60 | ||
| 504 | _a | ||
| 942 | _cBK | ||
| 999 |
_c10486 _d10486 |
||